00602cam a22002053a 45000010005000000030006000050050017000110080041000280400015000690420007000840500007000912450082000982600029001805060030002095160020002396530019002597000049002788300028003278560041003559264PGUSA20140828083210.0051101s2005||||xxu|||||s|||||000 | eng d aPGUSAbeng adc 4aQK10aVand- og stenhoejsplanter en vejledning for havevennerh[electronic resource] bProject Gutenberg,c2005 aPublic domain in the USA. aElectronic text aAquatic plants1 aBrandt, G. N.q(Gudmund Nyeland),d1878-1945 0aProject Gutenbergv926440uhttp://www.gutenberg.org/ebooks/9264